A carregar...

Lasers and non-linear optics

Detalhes bibliográficos
Autor principal: Laud, B B
Formato: Printed Book
Publicado em: New Delhi, New age international 1996
Edição:Ed.2
Assuntos:
LEADER 005590000a22002050004500
020 |a 81-224-0324-7 
082 |a 535 N6 
100 |a Laud, B B 
245 |a Lasers and non-linear optics 
250 |a Ed.2 
260 |a New Delhi, New age international 
260 |c 1996 
650 |a Holography 
650 |a Lasers 
650 |a Non linear Optics 
650 |a Optics 
650 |a Quantum theory 
942 |c BK 
999 |c 132071  |d 132067 
952 |0 0  |1 0  |4 0  |6 535_000000000000000_N6  |7 0  |9 131007  |a SCP  |b SCP  |d 2014-02-11  |l 0  |o 535 N6  |p SCP05174  |r 2014-02-11  |w 2014-02-11  |y BK